Statistiken für Die teuersten Fußballtransfers - Schwedische Fußballspieler

Klicken Sie hier um das Quiz zu spielen!

Allgemein

  • Dieses Quiz wurde 35 mal gespielt
  • Das Durchschnittsergebnis liegt bei 8 aus 10

Antwortstatistiken

Ablöse (M €)SaisonAbgebender VereinAufnehmender VereinSpieler% Korrekt
69,502009-2010Inter MailandFC BarcelonaZlatan Ibrahimović
100%
24,802006-2007Juventus TurinInter MailandZlatan Ibrahimović
100%
24,002011-2012FC BarcelonaAC MailandZlatan Ibrahimović
100%
21,002012-2013AC MailandParis SGZlatan Ibrahimović
100%
70,002022-2023Real SociedadNewcastle UnitedAlexander Isak
91%
39,002019-2020Atalanta BergamoJuventus TurinDejan Kulusevski
67%
30,002023-2024Juventus TurinTottenhamDejan Kulusevski
67%
35,002017-2018BenficaManchester UnitedVictor Lindelöf
55%
17,502023-2024Manchester UnitedNottingham ForestAnthony Elanga
42%
21,002023-2024Coventry CitySportingViktor Gyökeres
36%

Verteilung der Resultate

Perzentil nach korrekt beantworteten Fragen

Anzahl Personen mit jedem Resultat

Ihre Resultats-Entwicklung

Sie haben dieses Quiz noch nicht gespielt